<?xml version="1.0" encoding="UTF-8"?>
<record
    xmlns:xsi="http://www.w3.org/2001/XMLSchema-instance"
    xsi:schemaLocation="http://www.loc.gov/MARC21/slim http://www.loc.gov/standards/marcxml/schema/MARC21slim.xsd"
    xmlns="http://www.loc.gov/MARC21/slim">

  <leader>01267nam0a22003131  4500</leader>
  <controlfield tag="001">rc\113142</controlfield>
  <controlfield tag="005">20260405133254.0</controlfield>
  <datafield tag="010" ind1=" " ind2=" ">
    <subfield code="a">5-85585-252-0</subfield>
    <subfield code="9">30000</subfield>
  </datafield>
  <datafield tag="035" ind1=" " ind2=" ">
    <subfield code="a">(NLR Aleph) 005397650</subfield>
  </datafield>
  <datafield tag="090" ind1=" " ind2=" ">
    <subfield code="a">7243311</subfield>
    <subfield code="c">7243310</subfield>
  </datafield>
  <datafield tag="100" ind1=" " ind2=" ">
    <subfield code="a">20021216d1995    |||y0rusy50      ca</subfield>
  </datafield>
  <datafield tag="101" ind1="0" ind2=" ">
    <subfield code="a">rus</subfield>
  </datafield>
  <datafield tag="102" ind1=" " ind2=" ">
    <subfield code="a">RU</subfield>
  </datafield>
  <datafield tag="105" ind1=" " ind2=" ">
    <subfield code="a">y   |||||||||</subfield>
  </datafield>
  <datafield tag="200" ind1="1" ind2=" ">
    <subfield code="a">&#x416;&#x435;&#x43D;&#x441;&#x43A;&#x430;&#x44F; &#x444;&#x438;&#x43B;&#x43E;&#x441;&#x43E;&#x444;&#x438;&#x44F;</subfield>
    <subfield code="e">[&#x41F;&#x43E;&#x432;&#x435;&#x441;&#x442;&#x438;. &#x420;&#x43E;&#x43C;&#x430;&#x43D;]</subfield>
    <subfield code="f">&#x41E;&#x43B;&#x435;&#x433; &#x421;&#x443;&#x432;&#x43E;&#x440;&#x43E;&#x432;</subfield>
  </datafield>
  <datafield tag="210" ind1=" " ind2=" ">
    <subfield code="a">&#x41C;.</subfield>
    <subfield code="c">&#x42D;&#x41A;&#x421;&#x41C;&#x41E;</subfield>
    <subfield code="d">1995</subfield>
  </datafield>
  <datafield tag="215" ind1=" " ind2=" ">
    <subfield code="a">361, [2] &#x441;.</subfield>
    <subfield code="d">21</subfield>
  </datafield>
  <datafield tag="225" ind1="1" ind2=" ">
    <subfield code="a">&#x420;&#x443;&#x441;&#x441;&#x43A;&#x438;&#x439; &#x431;&#x435;&#x441;&#x442;&#x441;&#x435;&#x43B;&#x43B;&#x435;&#x440;</subfield>
  </datafield>
  <datafield tag="327" ind1="1" ind2=" ">
    <subfield code="a">&#x421;&#x43E;&#x434;&#x435;&#x440;&#x436;.: &#x425;&#x440;&#x43E;&#x43C;&#x43E;&#x439; &#x411;&#x435;&#x441; &#x432; &#x41C;&#x43E;&#x441;&#x43A;&#x432;&#x435;: &#x420;&#x43E;&#x43C;&#x430;&#x43D;; &#x41F;&#x43E;&#x432;&#x435;&#x441;&#x442;&#x438;: &#x417;&#x43B;&#x43E;&#x439; &#x433;&#x43E;&#x440;&#x43E;&#x434;; &#x416;&#x435;&#x43D;&#x441;&#x43A;&#x430;&#x44F; &#x444;&#x438;&#x43B;&#x43E;&#x441;&#x43E;&#x444;&#x438;&#x44F;</subfield>
  </datafield>
  <datafield tag="464" ind1=" " ind2="0">
    <subfield code="1">2001#$a&#x425;&#x440;&#x43E;&#x43C;&#x43E;&#x439; &#x411;&#x435;&#x441; &#x432; &#x41C;&#x43E;&#x441;&#x43A;&#x432;&#x435;</subfield>
    <subfield code="t">&#x425;&#x440;&#x43E;&#x43C;&#x43E;&#x439; &#x411;&#x435;&#x441; &#x432; &#x41C;&#x43E;&#x441;&#x43A;&#x432;&#x435;</subfield>
  </datafield>
  <datafield tag="464" ind1=" " ind2="0">
    <subfield code="1">2001#$a&#x417;&#x43B;&#x43E;&#x439; &#x433;&#x43E;&#x440;&#x43E;&#x434;</subfield>
    <subfield code="t">&#x417;&#x43B;&#x43E;&#x439; &#x433;&#x43E;&#x440;&#x43E;&#x434;</subfield>
  </datafield>
  <datafield tag="464" ind1=" " ind2="0">
    <subfield code="1">2001#$a&#x416;&#x435;&#x43D;&#x441;&#x43A;&#x430;&#x44F; &#x444;&#x438;&#x43B;&#x43E;&#x441;&#x43E;&#x444;&#x438;&#x44F;</subfield>
    <subfield code="t">&#x416;&#x435;&#x43D;&#x441;&#x43A;&#x430;&#x44F; &#x444;&#x438;&#x43B;&#x43E;&#x441;&#x43E;&#x444;&#x438;&#x44F;</subfield>
  </datafield>
  <datafield tag="700" ind1=" " ind2="1">
    <subfield code="8">rus</subfield>
    <subfield code="7">ca</subfield>
    <subfield code="a">&#x421;&#x443;&#x432;&#x43E;&#x440;&#x43E;&#x432;</subfield>
    <subfield code="b">&#x41E;. &#x412;.</subfield>
    <subfield code="c">&#x43F;&#x438;&#x441;&#x430;&#x442;&#x435;&#x43B;&#x44C;, &#x43A;&#x430;&#x43D;&#x434;. &#x444;&#x438;&#x43B;&#x43E;&#x441;. &#x43D;&#x430;&#x443;&#x43A;</subfield>
    <subfield code="f">1959-</subfield>
    <subfield code="g">&#x41E;&#x43B;&#x435;&#x433; &#x412;&#x430;&#x43B;&#x435;&#x43D;&#x442;&#x438;&#x43D;&#x43E;&#x432;&#x438;&#x447;</subfield>
    <subfield code="3">RU\NLR\AUTH\7753987</subfield>
    <subfield code="9">36919</subfield>
  </datafield>
  <datafield tag="801" ind1=" " ind2="0">
    <subfield code="a">RU</subfield>
    <subfield code="b">NLR</subfield>
    <subfield code="g">psbo</subfield>
  </datafield>
  <datafield tag="801" ind1=" " ind2="1">
    <subfield code="a">RU</subfield>
    <subfield code="b">ELAR</subfield>
    <subfield code="2">rusmarc</subfield>
  </datafield>
  <datafield tag="852" ind1=" " ind2=" ">
    <subfield code="a">NLR</subfield>
    <subfield code="j">96-3/452</subfield>
  </datafield>
  <datafield tag="942" ind1=" " ind2=" ">
    <subfield code="c">BOOK</subfield>
  </datafield>
  <datafield tag="980" ind1=" " ind2=" ">
    <subfield code="a">NB</subfield>
  </datafield>
  <datafield tag="995" ind1=" " ind2=" ">
    <subfield code="5">2013-10-26</subfield>
    <subfield code="b">NLR01</subfield>
    <subfield code="c">NLR01</subfield>
    <subfield code="e">RF8</subfield>
    <subfield code="f">5397650-10</subfield>
    <subfield code="k">96-3/452</subfield>
    <subfield code="o">0</subfield>
    <subfield code="r">BOOK</subfield>
    <subfield code="s">963452_</subfield>
  </datafield>
</record>
